| 000 | 01144nam a22003014a 4500 | ||
|---|---|---|---|
| 001 | 467 | ||
| 003 | OSt | ||
| 005 | 20250902072123.0 | ||
| 008 | 250902b |||||||| |||| 00| 0 eng d | ||
| 020 | _a8526215493 | ||
| 040 | _bpor | ||
| 041 | _hpor | ||
| 082 | 0 | 4 |
_a028.5 _bA663u |
| 100 | 1 |
_aAraújo, Inácio, _d1948- _91005 |
|
| 245 | 1 | 4 |
_aUma chance na vida / _cInacio Araujo ; ilustrado por Julio Mendonça ; - |
| 250 | _a4. ed. - | ||
| 260 |
_aSão Paulo : _bScipione, _c1994. |
||
| 300 |
_a77p. : _bil. ; |
||
| 520 | _aPassando férias em uma cidade nas montanhas, Heitor conheceu Sílvia, por quem ficou perdidamente apaixonado. Porém, o jeito extrovertido de seu amigo Pedro fez com que ele se sentisse inseguro e cada vez mais isolado. Disposto a chamar a atenção de Sílvia de qualquer maneira, Heitor resolveu saltar a cavalo sobre um perigoso barranco. | ||
| 650 | 0 |
_aLiteratura Brasileira _9205 |
|
| 650 | 0 |
_aInfantojuvenil _9200 |
|
| 650 | 0 |
_aAmor e Paixão _925 |
|
| 655 | 0 |
_aRomance _923 |
|
| 655 | 0 |
_aFicção _922 |
|
| 700 | 1 |
_aMendonça, Julio. _c(Ilustrador) _91006 |
|
| 830 |
_aDiálogo _9997 |
||
| 942 |
_2ddc _n0 _cBK |
||
| 999 |
_c467 _d467 |
||